[Event "Saint Louis Open"]
[Site "?"]
[Date "2010.04.11"]
[Round "5"]
[White "Nakamura, Hikaru"]
[Black "Melekhina, Alisa"]
[Result "1-0"]
[WhiteElo "2817"]
[BlackElo "2320"]
[PlyCount "79"]
[EventDate "2010.??.??"]
[SourceDate "2010.04.10"]

1. e4 e5 2. Nc3 Nf6 3. f4 d5 4. exd5 exf4 5. Bc4 Bb4 6. Qe2+ Qe7 7. d3 g5 8. h4
Ng4 9. Qxe7+ Bxe7 10. hxg5 Bxg5 11. Ne4 f6 12. Nf3 Ne3 13. Bxe3 fxe3 14. Nfxg5
fxg5 15. Ke2 Bf5 16. Kxe3 Nd7 17. Nxg5 O-O-O 18. Raf1 Rde8+ 19. Kd2 Bg4 20. Ne4
h5 21. Bb5 Re5 22. Bxd7+ Bxd7 23. c4 Rg8 24. Rf2 Rf5 25. Rhf1 Rxf2+ 26. Rxf2 h4
27. Kc3 h3 28. gxh3 Bxh3 29. d6 Bg2 30. Nf6 Rg6 31. dxc7 Kxc7 32. b4 a6 33. Kd4
Bc6 34. Nd5+ Kd7 35. a4 Rd6 36. Rf5 Ke8 37. b5 axb5 38. cxb5 Bd7 39. Rf6 Be6
40. Rxe6+ 1-0

[Event "Saint Louis Open"]
[Site "?"]
[Date "2010.04.11"]
[Round "5"]
[White "Amanov, Mesgen"]
[Black "Friedel, Joshua E"]
[Result "0-1"]
[WhiteElo "2469"]
[BlackElo "2596"]
[PlyCount "54"]
[EventDate "2010.??.??"]
[SourceDate "2010.04.10"]

1. d4 Nf6 2. c4 e6 3. Nf3 b6 4. g3 Bb7 5. Bg2 Be7 6. Nc3 Ne4 7. Qc2 d5 8. O-O
O-O 9. Bf4 Na6 10. Rfd1 Qc8 11. cxd5 exd5 12. Ne5 Nxc3 13. Qxc3 Qe6 14. Rac1 c5
15. dxc5 Nxc5 16. b4 Ne4 17. Qc7 Ba6 18. Bxe4 dxe4 19. Nc6 Bf6 20. Rd6 Qf5 21.
Rxf6 Qxf6 22. Ne7+ Kh8 23. Be5 Qg5 24. h4 Qg4 25. Rc2 Rad8 26. Bd6 Qe6 27. Rd2
e3 0-1

[Event "Saint Louis Open"]
[Site "?"]
[Date "2010.04.11"]
[Round "4"]
[White "Finegold, Spencer"]
[Black "Ding, Jialin"]
[Result "1-0"]
[WhiteElo "1926"]
[BlackElo "2047"]
[PlyCount "79"]
[EventDate "2010.??.??"]
[SourceDate "2010.04.10"]

1. d4 Nf6 2. c4 g6 3. g3 Bg7 4. Bg2 O-O 5. Nf3 d6 6. O-O Nbd7 7. Nc3 c6 8. b3
Qc7 9. Bb2 e5 10. Qd2 Re8 11. e3 a5 12. Rad1 h6 13. a3 Nh7 14. dxe5 dxe5 15.
Ne4 b6 16. Qd6 Ra7 17. Nh4 Nb8 18. c5 bxc5 19. Qxc5 Na6 20. Qc3 Be6 21. f4 Rb8
22. Nd2 Qb6 23. f5 Bxb3 24. Nxb3 Qxb3 25. Rd8+ Nf8 26. Rxb8 Qxb8 27. fxg6 fxg6
28. Be4 Qd6 29. Qb3+ Kh7 30. Rxf8 Qxf8 31. Nxg6 Qe8 32. Nxe5+ Kh8 33. Ng6+ Kh7
34. Ne7+ Kh8 35. Bxg7+ Kxg7 36. Qc3+ Kf8 37. Qf6+ Qf7 38. Ng6+ Ke8 39. Bxc6+
Rd7 40. Qh8+ 1-0

[Event "Saint Louis Open"]
[Site "?"]
[Date "2010.04.11"]
[Round "4"]
[White "Mechem, Paul"]
[Black "Dushyanth, Reddivari"]
[Result "1/2-1/2"]
[WhiteElo "2003"]
[BlackElo "1954"]
[PlyCount "86"]
[EventDate "2010.??.??"]
[SourceDate "2010.04.10"]

1. d4 Nf6 2. Nf3 e6 3. e3 b6 4. Nbd2 Bb7 5. Bd3 d5 6. Ne5 Nbd7 7. f4 Nxe5 8.
fxe5 Nd7 9. O-O f5 10. b3 g6 11. Qe2 Be7 12. a4 a5 13. Bb5 c6 14. Bd3 O-O 15.
c4 c5 16. Bb2 Bg5 17. cxd5 Bxd5 18. e4 Bb7 19. Bc4 Qe7 20. exf5 gxf5 21. Nf3
Bh6 22. Rad1 Bxf3 23. Rxf3 cxd4 24. Rxd4 Nc5 25. Rd6 Rad8 26. Rg3+ Kh8 27. Qh5
Bf4 28. Rh3 Qg7 29. Qd1 Nb7 30. Qh5 Nxd6 31. exd6 e5 32. Be6 Rxd6 33. Ba3 e4
34. Bb2 Be3+ 35. Kf1 Bd4 36. Ba3 Bc5 37. Bb2 Rd4 38. Bxd4 Bxd4 39. Bxf5 Rf7 40.
g4 Bc5 41. Qh4 Qa1+ 42. Qe1 Qd4 43. Qc3 Qxc3 1/2-1/2

[Event "Saint Louis Open"]
[Site "?"]
[Date "2010.04.11"]
[Round "4"]
[White "Harris, Peter"]
[Black "Frank, Josh"]
[Result "0-1"]
[WhiteElo "1585"]
[BlackElo "2021"]
[PlyCount "46"]
[EventDate "2010.??.??"]
[SourceDate "2010.04.10"]

1. e4 d6 2. d4 Nf6 3. Nc3 g6 4. f4 Bg7 5. Nf3 O-O 6. Be2 c5 7. O-O cxd4 8. Nxd4
Qb6 9. Be3 Nc6 10. Na4 Qa5 11. Nxc6 bxc6 12. Nc3 Rb8 13. Rb1 Be6 14. Bd2 Bxa2
15. Nd5 Qd8 16. Nxf6+ Bxf6 17. Ra1 Qb6+ 18. Kh1 Qxb2 19. f5 Qxa1 20. fxg6 Qxd1
21. gxh7+ Kxh7 22. Bxd1 Rb1 23. Be3 Bc4 0-1

[Event "Saint Louis Open (House Game)"]
[Site "?"]
[Date "2010.04.11"]
[Round "5"]
[White "Kummer, Mike"]
[Black "Giminez, Randy"]
[Result "1-0"]
[WhiteElo "1661"]
[BlackElo "1800"]
[PlyCount "81"]
[EventDate "2010.04.11"]
[SourceDate "2010.04.10"]

1. e4 d6 2. d4 Nd7 3. f4 g6 4. Nf3 e6 5. c4 Bg7 6. Nc3 Ne7 7. g4 h5 8. gxh5
Rxh5 9. Ng5 c5 10. Nb5 Qb6 11. dxc5 dxc5 12. Nd6+ Kf8 13. Ngxf7 Bxb2 14. Bd2
Bxa1 15. Qxa1 Nc6 16. Be2 Nd4 17. Kf2 Nxe2 18. Kxe2 Rh7 19. Ng5 Qxd6 20. Nxh7+
Ke7 21. Qg7+ Kd8 22. Qxg6 Kc7 23. Qf7 b6 24. Ng5 Ba6 25. Nxe6+ Kc6 26. Ng5 Rh8
27. h3 Rh6 28. Bc3 Re6 29. Qxe6 Qxe6 30. Nxe6 Bxc4+ 31. Kf3 Bxe6 32. f5 Bg8 33.
Kf4 Kd6 34. Rg1 Bxa2 35. e5+ Ke7 36. Rg7+ Ke8 37. e6 Nf8 38. Rxa7 Bc4 39. Ke5
Bf1 40. Ra8+ Ke7 41. f6# 1-0

[Event "Saint Louis Open"]
[Site "?"]
[Date "2010.04.11"]
[Round "4"]
[White "Gaul, Tom"]
[Black "Bange, Steve"]
[Result "0-1"]
[WhiteElo "1787"]
[BlackElo "1928"]
[PlyCount "48"]
[EventDate "2010.??.??"]
[SourceDate "2010.04.10"]

1. e4 c5 2. c3 d6 3. Bc4 Nf6 4. d3 e6 5. f4 Nc6 6. Nf3 Be7 7. O-O d5 8. Bb5
dxe4 9. Ne5 Bd7 10. Bxc6 Bxc6 11. Nxc6 bxc6 12. Qa4 exd3 13. Qxc6+ Kf8 14. Qf3
Rb8 15. Na3 Qd5 16. Rd1 c4 17. b4 Ne4 18. Nxc4 Qxc4 19. Rxd3 f5 20. Qe2 Kf7 21.
Bb2 Rhd8 22. Qh5+ Kg8 23. Rh3 Nf6 24. Qf3 Rd2 0-1

[Event "Saint Louis Open"]
[Site "?"]
[Date "2010.04.11"]
[Round "4"]
[White "Jung, Hans"]
[Black "Humphries, Dennis"]
[Result "1-0"]
[WhiteElo "2147"]
[BlackElo "1700"]
[PlyCount "27"]
[EventDate "2010.??.??"]
[SourceDate "2010.04.10"]

1. e4 e5 2. Nf3 Nc6 3. Bc4 Bc5 4. O-O Nf6 5. d4 Bxd4 6. Nxd4 Nxd4 7. Bg5 h6 8.
Bh4 g5 9. f4 gxf4 10. Rxf4 d5 11. Bxf6 Qd6 12. Bxh8 dxc4 13. Rf2 Be6 14. Bf6
1-0

[Event "Saint Louis Open"]
[Site "?"]
[Date "2010.04.11"]
[Round "4"]
[White "Smith, James Larkin"]
[Black "Sinquefield, Rex"]
[Result "1-0"]
[WhiteElo "1699"]
[BlackElo "1647"]
[PlyCount "119"]
[EventDate "2010.??.??"]
[SourceDate "2010.04.10"]

1. d4 Nf6 2. c4 e6 3. Nc3 Bb4 4. e3 b6 5. Nge2 Bb7 6. a3 Bxc3+ 7. Nxc3 O-O 8.
Bd3 Qe7 9. O-O d6 10. e4 e5 11. d5 a5 12. Bd2 Na6 13. Qe2 Nc5 14. Bc2 c6 15. b4
axb4 16. axb4 Ncd7 17. dxc6 Bxc6 18. Be3 Qe6 19. Nd5 Bxd5 20. cxd5 Qe7 21. f3
Rfb8 22. Ba4 Qd8 23. Bc6 Rxa1 24. Rxa1 Qc7 25. Qb5 Kf8 26. Ra6 Ke7 27. Qa4 Qd8
28. Ra7 h6 29. f4 Kf8 30. Bxd7 Nxe4 31. Bf5 Qh4 32. Qd1 Nc3 33. Qd2 Nxd5 34.
Bf2 Qxf4 35. Qxf4 Nxf4 36. g3 g6 37. Bd7 Nd5 38. b5 Nf6 39. Bc6 d5 40. Be3 g5
41. Bc1 Kg7 42. Bb2 d4 43. Re7 Ng4 44. Bd5 Rf8 45. h3 Ne3 46. Rxe5 f6 47. Re7+
Kg6 48. Bc6 Rb8 49. Be8+ Kf5 50. Bd7+ Kg6 51. Bxd4 Nd5 52. Be8+ Kf5 53. Re1 Nc7
54. g4+ Kf4 55. Be3+ Kg3 56. Bf2+ Kxh3 57. Bh5 Re8 58. Be3 Nxb5 59. Kf2 Nc3 60.
Rh1# 1-0

[Event "Saint Louis Open"]
[Site "?"]
[Date "2010.04.11"]
[Round "4"]
[White "Smith, Frank H"]
[Black "Noor, Taimoor"]
[Result "0-1"]
[WhiteElo "1962"]
[BlackElo "1876"]
[PlyCount "32"]
[EventDate "2010.??.??"]
[SourceDate "2010.04.10"]

1. e4 c5 2. Nc3 d6 3. Nge2 Nf6 4. d4 cxd4 5. Nxd4 a6 6. Bg5 e6 7. f4 Be7 8. Qf3
Qc7 9. O-O-O Nc6 10. f5 Nxd4 11. Rxd4 e5 12. Rc4 Qa5 13. Bxf6 Bxf6 14. Nd5 Qe1+
15. Qd1 Bg5+ 16. Ne3 Bxe3+ 0-1

[Event "Saint Louis Open"]
[Site "?"]
[Date "2010.04.11"]
[Round "4"]
[White "Kovalic, Jeffrey"]
[Black "Bartotto, Derrick"]
[Result "1-0"]
[WhiteElo "1936"]
[BlackElo "1614"]
[PlyCount "71"]
[EventDate "2010.??.??"]
[SourceDate "2010.04.10"]

1. e4 e6 2. d4 d5 3. Nd2 Nf6 4. e5 Nfd7 5. Bd3 c5 6. c3 Nc6 7. Ne2 Qb6 8. Nf3
cxd4 9. cxd4 Bb4+ 10. Bd2 O-O 11. O-O Bxd2 12. Qxd2 f6 13. exf6 Nxf6 14. Ng3
Bd7 15. Rac1 Qc7 16. Rfe1 Rae8 17. Ne5 Bc8 18. Qg5 Qe7 19. Nxc6 bxc6 20. Nf5
Qd7 21. Nh6+ Kh8 22. Ng4 Nxg4 23. Qxg4 Qf7 24. Qh4 h6 25. Qg3 Bd7 26. Bg6 Qf6
27. Bxe8 Bxe8 28. Re5 Rf7 29. Qe3 Re7 30. f4 Kg8 31. f5 Bd7 32. fxe6 Be8 33.
Rf1 Qg6 34. Qf4 Rb7 35. b3 Rb4 36. Qf8+ 1-0

[Event "Saint Louis Open"]
[Site "?"]
[Date "2010.04.11"]
[Round "4"]
[White "Mclaughlin, Jim"]
[Black "Hendrickson, Nolan"]
[Result "1-0"]
[WhiteElo "2124"]
[BlackElo "1907"]
[PlyCount "75"]
[EventDate "2010.??.??"]
[SourceDate "2010.04.10"]

1. d4 Nf6 2. Nf3 g6 3. c4 Bg7 4. g3 d6 5. Bg2 O-O 6. O-O Nc6 7. Nc3 Bg4 8. d5
Bxf3 9. exf3 Na5 10. Qd3 Nd7 11. b4 Ne5 12. Qc2 Naxc4 13. f4 Nd7 14. Rb1 c6 15.
dxc6 bxc6 16. Bxc6 Rc8 17. b5 Nb8 18. Nd5 Nxc6 19. Qxc4 Nd4 20. Qxc8 Qxc8 21.
Nxe7+ Kh8 22. Nxc8 Rxc8 23. Be3 Rc2 24. Rfd1 Ne2+ 25. Kf1 Nc3 26. Rbc1 Rxa2 27.
Rxd6 h5 28. Rd8+ Kh7 29. Rd7 Nxb5 30. Rxf7 a5 31. Rd1 Kg8 32. Rb7 a4 33. Rxb5
a3 34. Rb8+ Kh7 35. Rb7 Kh6 36. f5+ g5 37. Rd6+ Kh7 38. f6 1-0

[Event "Saint Louis Open"]
[Site "?"]
[Date "2010.04.11"]
[Round "4"]
[White "Thompson, Bill"]
[Black "Plagemann, Todd"]
[Result "0-1"]
[WhiteElo "1696"]
[BlackElo "1932"]
[PlyCount "82"]
[EventDate "2010.??.??"]
[SourceDate "2010.04.10"]

1. e4 e5 2. f4 exf4 3. Nf3 g5 4. h4 g4 5. Ne5 Nc6 6. Nxc6 dxc6 7. Nc3 Be7 8.
Bc4 Bxh4+ 9. Kf1 h5 10. d4 Bg5 11. g3 f3 12. Qd3 Bxc1 13. Rxc1 Qg5 14. Rd1 Ne7
15. Qd2 Qxd2 16. Rxd2 Ng6 17. Nd1 h4 18. Rdh2 Rg8 19. Kf2 h3 20. Ne3 Ne7 21.
Rd1 Rg5 22. Rhh1 Bd7 23. Nf1 Nc8 24. Nh2 Nd6 25. Bd3 O-O-O 26. Rhe1 Be6 27. c3
Nc4 28. Bxc4 Bxc4 29. b3 Be2 30. Rd2 f5 31. exf5 Rf8 32. Rh1 Rfxf5 33. Nf1 Bxf1
34. Rxf1 Rg8 35. Rh1 Re8 36. Rh2 Rf7 37. Kf1 Rfe7 38. Kf2 Re2+ 39. Rxe2 Rxe2+
40. Kg1 Rxh2 41. Kxh2 f2 0-1

[Event "Saint Louis Open"]
[Site "?"]
[Date "2010.04.11"]
[Round "5"]
[White "Rodriguez, Cesareo"]
[Black "Smith, James Larkin"]
[Result "0-1"]
[WhiteElo "1808"]
[BlackElo "1699"]
[PlyCount "40"]
[EventDate "2010.??.??"]
[SourceDate "2010.04.10"]

1. e4 d5 2. exd5 Qxd5 3. Nc3 Qd6 4. Nf3 Nf6 5. Be2 a6 6. d4 Nc6 7. O-O Bg4 8.
Be3 e5 9. dxe5 Nxe5 10. Nxe5 Bxe2 11. Nxf7 Qxd1 12. Rfxd1 Bxd1 13. Nxh8 Bxc2
14. Re1 O-O-O 15. Nf7 Re8 16. Bd2 Rxe1+ 17. Bxe1 Bb4 18. Ne5 Ne4 19. Kf1 Bd6
20. Nc4 Bd3+ 0-1

[Event "Saint Louis Open"]
[Site "?"]
[Date "2010.04.11"]
[Round "5"]
[White "Hendrickson, Nolan"]
[Black "Lodge, Matt"]
[Result "1-0"]
[WhiteElo "1907"]
[BlackElo "1228"]
[PlyCount "113"]
[EventDate "2010.??.??"]
[SourceDate "2010.04.10"]

1. e4 e5 2. Nf3 Nc6 3. Bb5 Nf6 4. O-O d6 5. d3 Bg4 6. c3 Be7 7. Nbd2 O-O 8. Re1
h6 9. h3 Bh5 10. Nf1 Nh7 11. g4 Bg6 12. Ng3 Ng5 13. Kg2 a6 14. Ba4 b5 15. Bc2
d5 16. Bxg5 dxe4 17. Nxe5 Nxe5 18. Bxe7 Qxe7 19. dxe4 Rad8 20. Qc1 c5 21. b3
Nd3 22. Bxd3 Rxd3 23. Qc2 Rfd8 24. Re2 Qb7 25. f3 Qd7 26. Rae1 Qd6 27. Rf2 Re8
28. Ree2 Rd8 29. Nf1 Qe5 30. Rd2 Bxe4 31. fxe4 Qxe4+ 32. Kg1 a5 33. Rxd3 Qxd3
34. Rd2 Qxc2 35. Rxc2 Rd3 36. Kg2 g6 37. Nd2 Re3 38. Nf3 f6 39. Kf2 Re8 40. Re2
Rd8 41. Rd2 Re8 42. Rd6 Kg7 43. Rd7+ Kg8 44. Rc7 c4 45. bxc4 bxc4 46. Rxc4 Rb8
47. Ra4 Rc8 48. c4 Rc5 49. Ke3 Kf7 50. Kd4 Rc8 51. Rxa5 Ke7 52. Ra7+ Kd6 53.
c5+ Rxc5 54. Rd7+ Kxd7 55. Kxc5 Kc7 56. Nh4 h5 57. Nxg6 1-0

[Event "Saint Louis Open"]
[Site "?"]
[Date "2010.04.11"]
[Round "5"]
[White "Juengel, Dan"]
[Black "Mechem, Paul"]
[Result "0-1"]
[WhiteElo "1893"]
[BlackElo "2003"]
[PlyCount "68"]
[EventDate "2010.04.10"]
[SourceDate "2010.04.10"]

1. d4 Nf6 2. c4 d6 3. Nf3 Bg4 4. Bf4 c6 5. Nc3 Nbd7 6. e4 e5 7. Be3 Qa5 8. Bd3
exd4 9. Bxd4 Ne5 10. h3 Bxf3 11. gxf3 Nh5 12. Be3 Be7 13. f4 Nxd3+ 14. Qxd3 f5
15. e5 Rd8 16. Qxf5 g6 17. Qe4 d5 18. cxd5 cxd5 19. Qd4 b6 20. Bd2 O-O 21. Rg1
Bc5 22. Qd3 Nxf4 23. Bxf4 Rxf4 24. Rxg6+ Kh8 25. O-O-O Rxf2 26. Rh6 Rd7 27. e6
Qb4 28. Rd2 Rxd2 29. Qxd2 Rg7 30. Rf6 Be7 31. Rf5 d4 32. Ne2 Qc4+ 33. Kb1 Qxe6
34. Nxd4 Qe4+ 0-1

[Event "Saint Louis Open"]
[Site "?"]
[Date "2010.04.11"]
[Round "5"]
[White "Ding, Jialin"]
[Black "Wood, Chris"]
[Result "1/2-1/2"]
[WhiteElo "2047"]
[BlackElo "1930"]
[PlyCount "112"]
[EventDate "2010.04.10"]
[SourceDate "2010.04.10"]

1. e4 c5 2. Nf3 Nc6 3. d4 cxd4 4. Nxd4 Nf6 5. Nc3 e5 6. Ndb5 d6 7. Bg5 a6 8.
Na3 b5 9. Bxf6 gxf6 10. Nd5 f5 11. Bxb5 axb5 12. Nxb5 Ra4 13. Nbc7+ Kd7 14. O-O
Rxe4 15. Qh5 Nd4 16. c3 Ne2+ 17. Kh1 Qh4 18. Qxh4 Rxh4 19. g3 Ra4 20. Rfe1 Ra7
21. Rxe2 Rxc7 22. Nxc7 Bb7+ 23. Kg1 Kxc7 24. a4 f4 25. b4 h5 26. c4 h4 27. Ra3
hxg3 28. fxg3 fxg3 29. Rxg3 f5 30. a5 f4 31. Rg6 f3 32. Rb2 Bh6 33. Rb3 Bf4 34.
Rg7+ Kc8 35. b5 Bxh2+ 36. Kf1 Bf4 37. a6 Be4 38. b6 Rh1+ 39. Kf2 Rh2+ 40. Kf1
Rh1+ 41. Rg1 Rxg1+ 42. Kxg1 Kb8 43. b7 Bxb7 44. Rxb7+ Ka8 45. Kf2 e4 46. Re7
Be5 47. Ke3 Bf4+ 48. Kf2 Be5 49. Kf1 e3 50. c5 e2+ 51. Kf2 Bd4+ 52. Kxf3 Bxc5
53. Kxe2 Kb8 54. Kd3 Ka8 55. Rd7 Kb8 56. Kc4 Ka8 1/2-1/2

[Event "Saint Louis Open"]
[Site "?"]
[Date "2010.04.11"]
[Round "5"]
[White "Steiner, Tim C"]
[Black "Krush, Irina"]
[Result "0-1"]
[WhiteElo "2077"]
[BlackElo "2500"]
[PlyCount "86"]
[EventDate "2010.04.10"]
[SourceDate "2010.04.10"]

1. d4 d5 2. c4 e6 3. Nc3 c6 4. e4 Bb4 5. Bd3 dxe4 6. Bxe4 Nf6 7. Bf3 O-O 8.
Nge2 Nbd7 9. O-O e5 10. a3 $146 Bd6 11. Ng3 exd4 12. Qxd4 Ne5 13. Be2 Bc7 14.
Qxd8 Rxd8 15. Bg5 Be6 16. b3 Ned7 17. Nce4 Nxe4 18. Nxe4 Re8 19. Rfe1 f5 20.
Nd2 Be5 21. Nf3 Bxa1 22. Rxa1 Nc5 23. Nd4 a5 24. Rb1 a4 25. Bh5 g6 26. Bf3 axb3
27. Nxe6 Nxe6 28. Bc1 Nd4 29. Kf1 Ra4 30. Bd1 Rxc4 31. Be3 Nc2 32. Rxb3 Nxe3+
33. fxe3 Rd8 34. Bf3 b5 35. Kf2 Kf7 36. Kg3 Ke6 37. Be2 Rc2 38. Bd3 Rd2 39. Bb1
Ke5 40. Rc3 R8d6 41. Bc2 Re2 42. Rc5+ Rd5 43. Rxc6 Rdd2 0-1

[Event "Saint Louis Open"]
[Site "?"]
[Date "2010.04.11"]
[Round "5"]
[White "Karlow, Nick"]
[Black "Luther, Ronald G"]
[Result "0-1"]
[WhiteElo "2004"]
[BlackElo "2216"]
[PlyCount "56"]
[EventDate "2010.04.10"]
[SourceDate "2010.04.10"]

1. Nf3 d6 2. d4 Bg4 3. c4 Bxf3 4. exf3 g6 5. Qb3 Qc8 6. c5 Bg7 7. Nc3 Qe6+ 8.
Qxe6 fxe6 9. Be3 a6 10. Bc4 Kd7 11. O-O Nh6 12. Rfe1 d5 13. Bb3 Nf5 14. Ba4+
Nc6 15. Ne2 b5 16. cxb6 cxb6 17. Bxc6+ Kxc6 18. Ng3 Kd7 19. Nxf5 exf5 20. Kf1
Rac8 21. Ke2 Rc4 22. Rac1 f4 23. Bxf4 Rxd4 24. Ke3 e5 25. Bg3 Bh6+ 26. f4 Re4+
27. Kf3 exf4 28. Red1 Kd6 0-1

[Event "Saint Louis Open"]
[Site "?"]
[Date "2010.04.11"]
[Round "5"]
[White "Sinquefield, Rex"]
[Black "Roush, John"]
[Result "1/2-1/2"]
[WhiteElo "1647"]
[BlackElo "1806"]
[PlyCount "62"]
[EventDate "2010.04.10"]
[SourceDate "2010.04.10"]

1. e4 c5 2. Nc3 Nc6 3. f4 d6 4. Nf3 g6 5. Bb5 Bg7 6. d3 e6 7. O-O Nge7 8. Qe1
Bd7 9. Bxc6 Bxc6 10. Be3 O-O 11. Qh4 f6 12. Rad1 Qc7 13. g4 b6 14. Rf2 d5 15.
exd5 Nxd5 16. Nxd5 Bxd5 17. c4 Bb7 18. Qg3 Rad8 19. f5 Qxg3+ 20. hxg3 e5 21.
fxg6 Bxf3 22. gxh7+ Kh8 23. Rxf3 e4 24. Rf5 exd3 25. Rd5 Rxd5 26. cxd5 Kxh7 27.
Rxd3 Rd8 28. b3 Kg6 29. Kg2 Bf8 30. Kf3 Bd6 31. Bf4 a6 1/2-1/2

[Event "Saint Louis Open"]
[Site "?"]
[Date "2010.04.11"]
[Round "5"]
[White "Hall, Bill"]
[Black "Humphries, Dennis"]
[Result "1-0"]
[WhiteElo "2095"]
[BlackElo "1700"]
[PlyCount "39"]
[EventDate "2010.04.10"]
[SourceDate "2010.04.10"]

1. Nf3 d5 2. c4 e6 3. g3 c6 4. Bg2 g6 5. d4 Bg7 6. Nc3 Nf6 7. O-O O-O 8. Ne5
Nbd7 9. f4 Qc7 10. b3 b6 11. Ba3 Re8 12. Rc1 Bb7 13. cxd5 exd5 14. Nb5 Qb8 15.
Bd6 Qd8 16. Nc7 Nxe5 17. fxe5 Ng4 18. Rc3 Bh6 19. Rff3 Nxe5 20. dxe5 1-0

[Event "Saint Louis Open"]
[Site "?"]
[Date "2010.04.14"]
[Round "5"]
[White "Schmidt, Brad"]
[Black "Kovalic, Jeffrey"]
[Result "1/2-1/2"]
[WhiteElo "1802"]
[BlackElo "1936"]
[PlyCount "57"]
[EventDate "2010.04.10"]
[SourceDate "2010.04.10"]

1. e4 c5 2. Nc3 Nc6 3. g3 g6 4. Bg2 Bg7 5. d3 d6 6. Be3 e6 7. Qd2 Nge7 8. Bh6
O-O 9. h4 f6 10. Bxg7 Kxg7 11. h5 Rh8 12. hxg6 hxg6 13. Rxh8 Qxh8 14. Nf3 a6
15. O-O-O Qh6 16. Qxh6+ Kxh6 17. d4 b5 18. e5 dxe5 19. dxe5 f5 20. Rh1+ Kg7 21.
Ng5 Ra7 22. f4 Nd4 23. Rh7+ Kg8 24. Rh1 Rd7 25. Nh7 Rc7 26. Nf6+ Kf8 27. Rh8+
Kg7 28. Rh1 Kf8 29. Rh8+ 1/2-1/2

[Event "Saint Louis Open"]
[Site "?"]
[Date "2010.04.11"]
[Round "5"]
[White "Finegold, Benjamin"]
[Black "Fan, Yun"]
[Result "1-0"]
[WhiteElo "2621"]
[BlackElo "2079"]
[PlyCount "107"]
[EventDate "2010.04.10"]
[SourceDate "2010.04.10"]

1. d4 d5 2. c4 e6 3. Nc3 Be7 4. Nf3 Nf6 5. Bg5 O-O 6. e3 h6 7. Bxf6 Bxf6 8. Qd2
b6 9. Rd1 Bb7 10. cxd5 exd5 11. Be2 Re8 12. O-O Nd7 13. b4 Nf8 14. a4 Qe7 15.
b5 Rad8 16. Qa2 Ng6 17. Rc1 Qd6 18. Rc2 Nf8 19. Rfc1 Ne6 20. Nd1 g6 21. Nb2 Bg7
22. Nd3 a5 23. Nfe5 h5 24. Bf3 Bxe5 25. Nxe5 Kg7 26. h4 f6 27. Nd3 Re7 28. g3
Rh8 29. Bg2 g5 30. hxg5 Nxg5 31. Nf4 Rd7 32. Qb1 Ne4 33. Rxc7 Kh6 34. Rxd7 Qxd7
35. f3 Rg8 36. fxe4 Rxg3 37. Kf2 Qg4 38. Rh1 h4 39. Qd1 Qg5 40. Rh2 dxe4 41.
Qh1 Rg4 42. Ne2 Qf5+ 43. Ke1 Qg5 44. Kd2 f5 45. Bh3 Qe7 46. Bxg4 Qb4+ 47. Kd1
Qxa4+ 48. Ke1 Qa1+ 49. Kf2 Qxh1 50. Rxh1 fxg4 51. Rxh4+ Kg5 52. Rh8 Bd5 53. Nc3
Bb3 54. Rf8 1-0

[Event "Saint Louis Open"]
[Site "?"]
[Date "2010.04.14"]
[Round "5"]
[White "Gurevich, Daniel"]
[Black "Arun, Vikram"]
[Result "0-1"]
[WhiteElo "2136"]
[BlackElo "1833"]
[PlyCount "96"]
[EventDate "2010.04.10"]
[SourceDate "2010.04.10"]

1. e4 c6 2. d4 d5 3. exd5 cxd5 4. Bd3 Nc6 5. c3 Nf6 6. Bf4 e6 7. Nf3 Bd6 8. Bg3
O-O 9. O-O Re8 10. Nbd2 Bxg3 11. hxg3 Qb6 12. Qc2 h6 13. Rae1 Bd7 14. Ne5 Rac8
15. Nxc6 bxc6 16. Nb3 Rb8 17. Re2 Bc8 18. Nc5 Nd7 19. Nxd7 Bxd7 20. b4 Bc8 21.
a4 Ba6 22. a5 Bxd3 23. Qxd3 Qb5 24. Qd2 Re7 25. Rfe1 Rbe8 26. g4 Qc4 27. g3 f6
28. f4 e5 29. fxe5 fxe5 30. Rxe5 Rxe5 31. Rxe5 Rxe5 32. dxe5 Qxg4 33. Qe3 Qd1+
34. Kf2 Qc2+ 35. Ke1 Qb1+ 36. Kd2 Qa2+ 37. Kc1 Qa1+ 38. Kc2 Qa2+ 39. Kd1 Qb1+
40. Ke2 Qc2+ 41. Kf3 a6 42. g4 Qh2 43. Qe1 Qh3+ 44. Kf4 Kf7 45. e6+ Ke7 46. Qe2
Qxc3 47. Qxa6 g5+ 48. Kf5 Qf6# 0-1

[Event "Saint Louis Open"]
[Site "?"]
[Date "2010.04.14"]
[Round "5"]
[White "Bange, Steve"]
[Black "Mclaughlin, Jim"]
[Result "1/2-1/2"]
[WhiteElo "1928"]
[BlackElo "2124"]
[PlyCount "72"]
[EventDate "2010.04.10"]
[SourceDate "2010.04.10"]

1. d4 Nf6 2. c4 g6 3. Nc3 Bg7 4. Nf3 d6 5. g3 O-O 6. Bg2 Nc6 7. O-O a6 8. e4
Rb8 9. Qe2 Bg4 10. Rd1 Qc8 11. Be3 b5 12. cxb5 axb5 13. a3 Na5 14. Qd3 Nc4 15.
Rdb1 c6 16. Nd2 Nxe3 17. Qxe3 Bh3 18. f3 c5 19. dxc5 dxc5 20. Kh1 Bxg2+ 21.
Kxg2 Rd8 22. Rd1 b4 23. Ne2 bxa3 24. Qxa3 Qb7 25. Rab1 Bh6 26. Qc3 Bxd2 27.
Rxd2 Rxd2 28. Qxd2 Nxe4 29. Qe3 Nd6 30. Qxc5 Rc8 31. Qe3 Rc2 32. Qd3 Rxb2 33.
Rxb2 Qxb2 34. Kf2 Nf5 35. Qd8+ Kg7 36. g4 Nd6 1/2-1/2

[Event "Saint Louis Open"]
[Site "?"]
[Date "2010.04.11"]
[Round "5"]
[White "Hess, Peter"]
[Black "Inskeep, Ben"]
[Result "0-1"]
[WhiteElo "1960"]
[BlackElo "2147"]
[PlyCount "98"]
[EventDate "2010.04.10"]
[SourceDate "2010.04.10"]

1. e4 c5 2. Nf3 d6 3. Bb5+ Bd7 4. Bxd7+ Qxd7 5. O-O Nc6 6. c3 Nf6 7. Re1 e6 8.
d3 Be7 9. Nbd2 O-O 10. Nf1 h6 11. Ng3 b5 12. b3 Rfd8 13. Bb2 d5 14. Qe2 d4 15.
Rad1 Rac8 16. h3 Rc7 17. Rd2 Qc8 18. Rc1 dxc3 19. Bxc3 Nh7 20. Qe3 Nd4 21. Ne5
Bf6 22. Ng4 b4 23. Ba1 e5 24. Nxf6+ Nxf6 25. f4 Qe6 26. fxe5 Qxe5 27. Qf2 Rcd7
28. Nf5 Qe6 29. Nxd4 cxd4 30. Rc4 Qb6 31. Rdc2 a5 32. Rc6 Qa7 33. Bb2 Nh7 34.
Qg3 Kh8 35. Qf4 Nf8 36. R2c4 Ne6 37. Qf5 a4 38. Bc1 axb3 39. axb3 Qb8 40. Bd2
Ra7 41. Qf1 Qg3 42. Rxb4 Ra2 43. Be1 Qg5 44. Rbc4 Nf4 45. Rc2 Ra1 46. Kh2 Nxd3
47. Qxd3 Rxe1 48. Qg3 Rh1+ 49. Kxh1 Qxg3 0-1

[Event "Saint Louis Open"]
[Site "?"]
[Date "2010.04.11"]
[Round "5"]
[White "Dushyanth, Reddivari"]
[Black "Howlett, Al"]
[Result "0-1"]
[WhiteElo "1954"]
[BlackElo "1886"]
[PlyCount "74"]
[EventDate "2010.04.10"]
[SourceDate "2010.04.10"]

1. d4 Nf6 2. Nf3 e6 3. Bf4 c5 4. e3 Be7 5. h3 b6 6. c4 Bb7 7. Bd3 d6 8. Nc3
Nbd7 9. O-O O-O 10. Nb5 Qb8 11. Re1 a6 12. Nc3 Qc7 13. d5 exd5 14. Nxd5 Bxd5
15. cxd5 Rfe8 16. e4 Bf8 17. Qd2 b5 18. Re2 c4 19. Bc2 a5 20. Rae1 Ne5 21. Nd4
Qb6 22. Bxe5 dxe5 23. Nc6 Bb4 24. Nxb4 axb4 25. Qxb4 Rxa2 26. b3 Rb2 27. Rd2
Ra8 28. Qc3 Raa2 29. bxc4 b4 30. Qxe5 b3 31. Bxb3 Rxd2 32. Qf5 Ra8 33. e5 Qxb3
34. exf6 Rd1 35. Rxd1 Qxd1+ 36. Kh2 Qd4 37. Qd7 Qf4+ 0-1

[Event "Saint Louis Open"]
[Site "?"]
[Date "2010.04.11"]
[Round "5"]
[White "Coryea, Dan"]
[Black "Thompson, Bill"]
[Result "1/2-1/2"]
[WhiteElo "1800"]
[BlackElo "1696"]
[PlyCount "71"]
[EventDate "2010.04.10"]
[SourceDate "2010.04.10"]

1. d4 f5 2. g4 e6 3. g5 Nc6 4. h4 d6 5. Nh3 e5 6. c3 g6 7. Bg2 Bg7 8. Bxc6+
bxc6 9. dxe5 Ne7 10. exd6 cxd6 11. Qb3 d5 12. Nd2 O-O 13. Nf3 c5 14. Bf4 Qb6
15. Qxb6 axb6 16. Be5 Nc6 17. Bxg7 Kxg7 18. Nf4 Rd8 19. a3 d4 20. cxd4 cxd4 21.
Rc1 Rd6 22. O-O Ba6 23. Rfd1 Re8 24. e3 d3 25. Rd2 Kg8 26. b4 Bb7 27. b5 Na5
28. Nd4 Rxd4 29. exd4 Nb3 30. Rc7 Nxd2 31. Rxb7 Nf3+ 32. Kg2 d2 33. Nd5 Re1 34.
Rd7 d1=Q 35. Nf6+ Kf8 36. Nxh7+ 1/2-1/2